Scotland Football All-Time Top 10 Goalscorers - Statistics

General Stats
  • This quiz has been taken 381 times
  • The average score is 4 of 10
Answer Stats
Caps Goals Career Primarily Played For Player % Correct
102 30 1971-1986 Celtic, Liverpool Kenny Dalglish
93%
72 19 2016-present St Mirren, Hibernian, Aston Villa John McGinn
69%
61 19 1986-1998 Rangers Ally McCoist
58%
55 30 1958-1974 Huddersfield Town, Manchester City, Manchester United Denis Law
58%
69 18 2001-2013 Wolves, Rangers Kenny Miller
33%
48 15 2002-2010 Motherwell, Everton, Birmingham City James McFadden
23%
38 14 1984-1991 Partick Thistle, Celtic, Nantes, Rangers, Kansas City Wizards Mo Johnston
23%
20 24 1924-1935 Airdrieonians, Newcastle United, Chelsea Hughie Gallagher
4%
38 22 1948-1957 Hibernian Lawrie Reilly
2%
11 15 1899-1911 Rangers, Dundee Robert Hamilton
1%
No matching quizzes found
Score Distribution
Percent of People with Each Score
Percentile by Number Answered
Your Score History
You have not taken this quiz